European Film Directors - Sudden Death - Statistics

General Stats
  • This quiz has been taken 1,290 times
    393 since last reset
  • The average score is 12 of 50
Answers on the Grid
Answers color-coded by a green-red scale on the quiz's grid according to % correct below.
Ridley Scott
Steven Spielberg
Martin Scorsese
Quentin Tarantino
Alfred Hitchcock
Francis Ford Coppola
Danny Boyle
Stanley Kubrick
Ken Loach
Tim Burton
Guy Ritchie
John Ford
David Lean
Edgar Wright
Shane Meadows
Peter Greenaway
Orson Welles
Mary Harron
Jean-Luc Godard
Luc Besson
Guillermo del Toro
Oliver Stone
Jean-Pierre Jeunet
François Truffaut
Bong Joon-ho
Jacques Audiard
Robert Bresson
François Ozon
Ang Lee
Federico Fellini
Bernardo Bertolucci
Robert Altman
Luca Guadagnino
Roberto Rossellini
Akira Kurosawa
Vittorio De Sica
Emilio Fernández
Fernando Meirelles
Jim Jarmusch
Sergio Leone
Andrzej Wajda
Werner Herzog
Darren Aronofsky
Luchino Visconti
Alfonso Cuarón
Dario Argento
James Cameron
Krzysztof Kieślowski
Roman Polanski
Steven Soderbergh
Robert Zemeckis
Pedro Almodóvar
Carlos Saura
Sean Baker
David Fincher
Manoel de Oliveira
Nikita Mikhalkov
Ari Folman
Spike Lee
Jean-Pierre Melville
Lars von Trier
Wes Anderson
Brian De Palma
John Woo
Andrei Tarkovsky
David Lynch
Jafar Panahi
Denis Villeneuve
Aleksei Balabanov
Eldar Ryazanov
Béla Tarr
Walter Hill
Abbas Kiarostami
Phillip Noyce
Yorgos Lanthimos
Andrey Zvyagintsev
John Huston
Georgiy Daneliya
Andrew Dominik
Peter Weir
Sergei Bondarchuk
Leonid Gaidai
John Carpenter
Michael Haneke
David Cronenberg
Emir Kusturica
Bahman Ghobadi
Ingmar Bergman
Dariush Mehrjui
Sydney Pollack
Woody Allen
Lasse Hallström
Ron Howard
Neil Jordan
Sergei Eisenstein
Asghar Farhadi
Peter Jackson
Pablo Larraín
Alexander Sokurov
 
Answer Stats
Answer % Correct
Alfred Hitchcock
59%
Danny Boyle
43%
Jean-Luc Godard
42%
Ridley Scott
40%
Luc Besson
37%
Federico Fellini
34%
François Truffaut
34%
Guy Ritchie
34%
Roberto Rossellini
32%
Bernardo Bertolucci
31%
Lars von Trier
31%
Ken Loach
30%
Ingmar Bergman
29%
Roman Polanski
29%
Werner Herzog
29%
Andrei Tarkovsky
26%
Jean-Pierre Jeunet
26%
Krzysztof Kieślowski
26%
Robert Bresson
26%
Jacques Audiard
25%
Sergio Leone
25%
Vittorio De Sica
25%
Yorgos Lanthimos
25%
Sergei Eisenstein
24%
Andrzej Wajda
23%
Dario Argento
23%
David Lean
23%
François Ozon
23%
Luca Guadagnino
23%
Luchino Visconti
23%
Pedro Almodóvar
23%
Alexander Sokurov
21%
Andrey Zvyagintsev
21%
Jean-Pierre Melville
21%
Aleksei Balabanov
19%
Béla Tarr
19%
Michael Haneke
19%
Nikita Mikhalkov
19%
Edgar Wright
18%
Emir Kusturica
18%
Lasse Hallström
18%
Sergei Bondarchuk
18%
Peter Greenaway
17%
Eldar Ryazanov
14%
Georgiy Daneliya
12%
Carlos Saura
10%
Manoel de Oliveira
10%
Shane Meadows
9%
Leonid Gaidai
8%
Neil Jordan
8%
No matching quizzes found
Score Distribution
Percent of People with Each Score
Percentile by Number Answered
Your Score History
You have not taken this quiz since the last reset